कुछ कही कुछ अनकही / (Record no. 112090)

MARC details
000 -LEADER
fixed length control field 01078nam a22002537a 4500
005 - DATE AND TIME OF LATEST TRANSACTION
control field 20170124102933.0
010 #B - LIBRARY OF CONGRESS CONTROL NUMBER
LC control number B-014912
020 ## - INTERNATIONAL STANDARD BOOK NUMBER
Terms of availability 495.00
035 ## - SYSTEM CONTROL NUMBER
System control number B-014912
037 ## - SOURCE OF ACQUISITION
Source of stock number/acquisition Cen Lib/Ret
040 ## - CATALOGING SOURCE
Original cataloging agency DPL
Language of cataloging HN
082 ## - DEWEY DECIMAL CLASSIFICATION NUMBER
Classification number 808.883
Item number झुनझु
100 ## - MAIN ENTRY--PERSONAL NAME
Personal name शीला झुनझुनवाला
9 (RLIN) 43083
245 ## - TITLE STATEMENT
Title कुछ कही कुछ अनकही /
Statement of responsibility, etc शीला झुनझुनवाला
246 ## - VARYING FORM OF TITLE
Title proper/short title Kuch kahi kuch ankahi /
Remainder of title by Sheela Jhunjhunvala
260 ## - PUBLICATION, DISTRIBUTION, ETC. (IMPRINT)
Place of publication, distribution, etc नई दिल्ली
Name of publisher, distributor, etc टी.पी. झुनझुनवाला फौनाडाशान
Date of publication, distribution, etc 2000
270 ## - ADDRESS
City नई दिल्ली
Address 18, साउथ एक्सटेंशन, पार्ट ll
Postal code 11049
300 ## - PHYSICAL DESCRIPTION
Extent 431पृ.:
Dimensions 19सेमी(सजिल्द )
Other physical details सचित्र
650 ## - SUBJECT ADDED ENTRY--TOPICAL TERM
Topical term or geographic name as entry element हिंदी साहित्य
General subdivision
Geographic subdivision
9 (RLIN) 45824
650 ## - SUBJECT ADDED ENTRY--TOPICAL TERM
Topical term or geographic name as entry element जीवनी
9 (RLIN) 102
650 ## - SUBJECT ADDED ENTRY--TOPICAL TERM
Topical term or geographic name as entry element Hindi litarature
9 (RLIN) 45825
650 ## - SUBJECT ADDED ENTRY--TOPICAL TERM
Topical term or geographic name as entry element Biography
9 (RLIN) 7490
942 ## - ADDED ENTRY ELEMENTS (KOHA)
Source of classification or shelving scheme Dewey Decimal Classification
Koha item type Hindi Books
Classification part 808.883
Call number suffix झुनझु
Holdings
Withdrawn status Lost status Damaged status Not for loan Home library Current library Date acquired Source of acquisition Cost, normal purchase price Total Checkouts Total Renewals Full call number Barcode Date last seen Date checked out Copy number Cost, replacement price Price effective from Koha item type
        Central Library Central Library 06/08/2015 Cen Lib/Ret 495.00 2 1 808.883 झुनझु B-014912 07/02/2025 09/01/2025 1 495.00 06/08/2015 Hindi Books

© Delhi Public Library
Hit Counter
free hit counter